00576nam a2200169 a 450000100100000000500170001000800410002702000150006804000250008308200140010824000420012224501070016426000590027130000210033050000270035170000280037800003714420200930080153.0120217s1991 ag 000 0 spa d a9500236133 aDO-SdBNPbspacBNPHU axxxxbE5504aMultinational corporationslEspañol04aLas empresas multinacionales. /ccompilación de Theodore H. Moran; traducción de Emilio M. Sierra. aBuenos Aires :bLibreria "El ateneo" Editorial,c1991. a262 p. ;c23 cm. aTraducido del inglés1 aSierra, Emilio M.,etr.